Statystyki dla Skocznie w sezonie 2001/2002

Kliknij tutaj aby rozwiązać quiz!

Ogólne statystyki

  • Ten quiz został rozwiązany 18 razy
  • Średni wynik to 14 z 18

Statystyki odpowiedzi

Miejscowość% Poprawnych
8Innsbruck
100%
11Zakopane
100%
1Kuopio
94%
17Oslo
94%
18Planica
94%
7Garmisch - Partenkirchen
83%
14Lahti
83%
16Trondheim
83%
4Engelberg
78%
6Oberstdorf
78%
13Sapporo
78%
10Willingen
72%
9Bischofshofen
67%
2Titisee - Neustadt
67%
15Falun
61%
12Hakuba
56%
5Predazzo
56%
3Villach
50%

Rozkład punktacji

Percentyl według liczby udzielonych odpowiedzi

Procent ludzi z każdym wynikiem

Twoja historia wyników

Nie rozwiązałeś tego quizu